<?xml version="1.0" encoding="UTF-8"?>
<record
    xmlns:xsi="http://www.w3.org/2001/XMLSchema-instance"
    xsi:schemaLocation="http://www.loc.gov/MARC21/slim http://www.loc.gov/standards/marcxml/schema/MARC21slim.xsd"
    xmlns="http://www.loc.gov/MARC21/slim">

  <leader>01490nam a2200289 i 4500</leader>
  <controlfield tag="001">183864</controlfield>
  <controlfield tag="003">ES-MaACL</controlfield>
  <controlfield tag="005">20231110171615.0</controlfield>
  <controlfield tag="008">141030s2011    sp abef| |   |||| | spa d</controlfield>
  <datafield tag="020" ind1=" " ind2=" ">
    <subfield code="a">978-84-92641-81-9</subfield>
  </datafield>
  <datafield tag="080" ind1=" " ind2=" ">
    <subfield code="a">378.4(460.27 M.).096:72</subfield>
  </datafield>
  <datafield tag="110" ind1="2" ind2=" ">
    <subfield code="a">Universidad Polit&#xE9;cnica de Madrid. </subfield>
    <subfield code="b">Centro de Investigaci&#xF3;n de Arquitectura Tradicional.</subfield>
    <subfield code="9">155815</subfield>
  </datafield>
  <datafield tag="245" ind1="1" ind2="0">
    <subfield code="a">Memoria de actividades, 1996-2010 / </subfield>
    <subfield code="c">CIAT, Centro de Investigaci&#xF3;n de Arquitectura Tradicional ; [edici&#xF3;n a cargo de Fernando Vela Coss&#xED;o].</subfield>
  </datafield>
  <datafield tag="246" ind1="3" ind2="8">
    <subfield code="a">Centro de Investigaci&#xF3;n de Arquitectura Tradicional </subfield>
    <subfield code="b">: memoria de actividades, 1996-2010</subfield>
  </datafield>
  <datafield tag="260" ind1=" " ind2=" ">
    <subfield code="a">Madrid : </subfield>
    <subfield code="b">Escuela T&#xE9;cnica Superior de Arquitectura : </subfield>
    <subfield code="b">Mairea Libros,</subfield>
    <subfield code="c">D.L. 2011.</subfield>
  </datafield>
  <datafield tag="300" ind1=" " ind2=" ">
    <subfield code="a">93 p. : </subfield>
    <subfield code="b">il. col. y n., fot., mapas, planos ; </subfield>
    <subfield code="c">24 cm.</subfield>
  </datafield>
  <datafield tag="505" ind1="8" ind2=" ">
    <subfield code="a">Contiene: ; </subfield>
    <subfield code="t">La Villa de Boceguillas (Segovia) - Publicaciones [con rese&#xF1;as]</subfield>
  </datafield>
  <datafield tag="610" ind1="2" ind2="7">
    <subfield code="a">Universidad Polit&#xE9;cnica de Madrid. </subfield>
    <subfield code="b">Centro de Investigaci&#xF3;n de Arquitectura Tradicional.</subfield>
    <subfield code="9">155815</subfield>
  </datafield>
  <datafield tag="651" ind1=" " ind2="4">
    <subfield code="a">Boceguillas-</subfield>
    <subfield code="x">Historia.</subfield>
    <subfield code="9">155811</subfield>
  </datafield>
  <datafield tag="700" ind1="1" ind2=" ">
    <subfield code="a">Vela Coss&#xED;o, Fernando.</subfield>
    <subfield code="9">113683</subfield>
  </datafield>
  <datafield tag="710" ind1="2" ind2=" ">
    <subfield code="a">Universidad Polit&#xE9;cnica de Madrid. </subfield>
    <subfield code="b">Escuela T&#xE9;cnica Superior de Arquitectura.</subfield>
    <subfield code="9">7437</subfield>
  </datafield>
  <datafield tag="740" ind1="3" ind2=" ">
    <subfield code="a">La Villa de Boceguillas (Segovia)</subfield>
  </datafield>
  <datafield tag="852" ind1=" " ind2=" ">
    <subfield code="a">ES-MaACL</subfield>
    <subfield code="j">A-13289</subfield>
    <subfield code="9">190821</subfield>
    <subfield code="b">R.150176</subfield>
    <subfield code="c">DEPO1</subfield>
    <subfield code="d">Olim: N-6289</subfield>
    <subfield code="h">Donaci&#xF3;n: Fernando Vela Coss&#xED;o</subfield>
  </datafield>
  <datafield tag="903" ind1=" " ind2=" ">
    <subfield code="9">113683</subfield>
    <subfield code="a">Vela Coss&#xED;o, Fernando</subfield>
    <subfield code="e">dnr</subfield>
  </datafield>
  <datafield tag="942" ind1=" " ind2=" ">
    <subfield code="2">udc</subfield>
    <subfield code="c">MONOGRAFIA</subfield>
  </datafield>
  <datafield tag="999" ind1=" " ind2=" ">
    <subfield code="c">183864</subfield>
    <subfield code="d">183864</subfield>
  </datafield>
  <datafield tag="952" ind1=" " ind2=" ">
    <subfield code="0">0</subfield>
    <subfield code="1">0</subfield>
    <subfield code="2">udc</subfield>
    <subfield code="4">0</subfield>
    <subfield code="7">0</subfield>
    <subfield code="a">ATENEOM</subfield>
    <subfield code="b">ATENEOM</subfield>
    <subfield code="c">DEPO1</subfield>
    <subfield code="d">2014-10-30</subfield>
    <subfield code="e">DONACION</subfield>
    <subfield code="l">0</subfield>
    <subfield code="o">A-13289</subfield>
    <subfield code="p">1193327</subfield>
    <subfield code="r">2023-02-23 00:00:00</subfield>
    <subfield code="w">2023-02-23</subfield>
    <subfield code="y">MONOGRAFIA</subfield>
  </datafield>
</record>
